000 01116nam a22003377a 4500
999 _c64480
_d64480
005 20240530110734.0
008 180213s2008 ua a g 000 0 ara d
017 _bمصر. دار الكتب
040 _aEG-CaGPL
_cEG-CaGPL
082 0 4 _221
_a191\
_bإ ن
100 0 _aابراهيم مصطفى ابراهيم
245 1 0 _aنقد المذاهب المعاصرة /
_cابراهيم مصطفى ابراهيم
250 _aط. 1
260 _aالقاهرة :
_bدار المعرفة الجامعية ،
_c2008.
300 _a2 جزء ؛
_c24 سم.
600 0 _aوليم جيمس
600 0 _aجون ديوى
600 0 _aجورج سنتيانا
600 0 _aالعلمانية
600 0 _aهوسرل
600 0 _aبرجسون
600 0 _aجان بول سارتر
600 0 _aسورين كيركجارد
650 0 7 _2qrmak
_aالفلسفة الحديثة
650 0 7 _aالوجودية
_2qrmak
650 0 7 _aالبرجماتية
_2qrmak
650 0 7 _aالواقعية
_2qrmak
651 0 7 _2qrmak
942 _2ddc
_cBK